000
00222 a2200097 4500
001
5512
100
_a
Roberts,NP
245
_a
Worked Examples in the theory of structures
260
_a
_b
Macdonald
_c
090
_c
4524
_d
4524
942
_a
NUST-CAE
_c
M
_c
30850
999
_c
240585
_d
240585